¿Le gusta Brahms? / (Record no. 136662)

MARC details
000 -LEADER
campo de control de longitud fija 00508nam a2200169 4500
001 - NÚMERO DE CONTROL
campo de control 136662
003 - IDENTIFICADOR DE NÚMERO DE CONTROL
campo de control ES-MaACL
005 - FECHA Y HORA DE LA ÚLTIMA TRANSACCIÓN
campo de control 20230906195209.0
007 - CAMPO FIJO DE DESCRIPCIÓN FÍSICA--INFORMACIÓN GENERAL
campo de control de longitud fija t|
008 - DATOS DE LONGITUD FIJA--INFORMACIÓN GENERAL
campo de control de longitud fija 070214s1963 ag r ||||1| spa d
100 1# - ENTRADA PRINCIPAL--NOMBRE DE PERSONA
Nombre de persona Sagan, Françoise.
9 (RLIN) 101401
245 11 - MENCIÓN DEL TÍTULO
Título ¿Le gusta Brahms? /
Mención de responsabilidad, etc. Françoise Sagan ; traducción de C. Paytuvi.
260 ## - PUBLICACIÓN, DISTRIBUCIÓN, ETC.
Lugar de publicación, distribución, etc. Buenos Aires :
Nombre del editor, distribuidor, etc. Plaza & Janés,
Fecha de publicación, distribución, etc. 1963.
300 ## - DESCRIPCIÓN FÍSICA
Extensión 150 p. ;
Dimensiones 18 cm.
700 0# - ENTRADA AGREGADA--NOMBRE PERSONAL
Nombre de persona Paytuví de Sierra, Carlos.
9 (RLIN) 89742
852 ## - LOCALIZACIÓN
Ubicación ES-MaACL
Número de control de estantería C-22920
Sublocalización o colección R.51653
Holdings
Estatus retirado Estado de pérdida Estado de daño No para préstamo Biblioteca de origen Biblioteca actual Ubicación en estantería Fecha de adquisición Fuente de adquisición Total de préstamos Signatura topográfica completa Código de barras Visto por última vez Precio de reemplazo Tipo de ítem Koha
        Biblioteca del Ateneo de Madrid Biblioteca del Ateneo de Madrid Depósito 2 17/01/2008     C-22920 1142226 23/02/2023 23/02/2023 Libro impreso